000 00454nam a2200169Ia 4500
008 241206s9999||||xx |||||||||||||| ||und||
020 _a9789835200601
_c85
040 _beng
_cSSK Library
_erda
082 _a629.8/OGA
100 _a Katsuhiko Ogata -
245 0 _aKejuruteraan Kawalan Moden
250 _a2nd ed
260 _b Universiti Teknologi Malaysia
942 _2Dewey Decimal Classification
_cBOOK
_nNo
999 _c15303
_d15303
003 OSt
005 20241206223224.0